Music Quiz

Random Music or Bands Quiz
Score 0/20 Timer 05:00
2 Plays Today
% Correct
The Jackson 5
98.2%
Simon & Garfunkel
92.2%
Crosby, Stills, Nash & Young
87.3%
Jonas Brothers
86.9%
Hall & Oates
85.7%
The Carpenters
83.7%
The Osmonds
79.6%
Page and Plant
78.1%
The White Stripes
74.1%
Ramones
73.1%
% Correct
The Pointer Sisters
72.5%
The Judds
70.8%
Hanson
69.8%
Wilson Phillips
63.5%
The Everly Brothers
60.4%
The Corrs
58.7%
Ashford & Simpson
54.6%
Sister Sledge
39.1%
The Isley Brothers
36.1%
Haim
34.1%
Remove Ads.
Support Sporcle.
Get the best of Sporcle when you Go Orange. This ad-free experience offers more features, more stats, and more fun while also helping to support Sporcle. Thank you for becoming a member.

You're not logged in!

Compare scores with friends on all Sporcle quizzes.
OR
Log In

Show Comments

Extras

Top Quizzes Today


Score Distribution

Your Account Isn't Verified!

In order to create a playlist on Sporcle, you need to verify the email address you used during registration. Go to your Sporcle Settings to finish the process.

Report this User

Report this user for behavior that violates our Community Guidelines.

Details: